City by Picture 10 (Canada) - Statistics

General Stats
  • This quiz has been taken 30 times
  • The average score is 6 of 7
Answer Stats
Picture Answer % Correct
Toronto
96%
Montreal
92%
Ottawa
88%
Vancouver
84%
Quebec City
80%
Winnipeg
60%
St John's
52%
No matching quizzes found
Score Distribution
Percent of People with Each Score
Percentile by Number Answered
Your Score History
You have not taken this quiz